[Event "Niedersachsen-ch op C"]
[Site "Verden"]
[Date "2018.01.07"]
[Round "7"]
[White "Tyben, Lukas"]
[Black "Salha, Naram"]
[Result "1-0"]
[WhiteElo "1015"]
[BlackElo "881"]
[PlyCount "43"]
[EventDate "2018.01.04"]
[EventType "swiss"]
[EventRounds "7"]
[EventCountry "GER"]
[SourceTitle "EXT 2022"]
[Source "ChessBase"]
[SourceDate "2021.10.06"]
[SourceVersion "1"]
[SourceVersionDate "2021.10.06"]
[SourceQuality "1"]

1. e4 c5 2. Nc3 e6 3. Bc4 a6 4. d3 Nf6 5. Bg5 Be7 6. Bxf6 Bxf6 7. Nge2 Bg5 8. f4 Bh6 9. Qd2 Qb6 10. 0-0-0 e5 11. Nd5 Qg6 12. g3 Nc6 13. Nc7+ Ke7 14. Nxa8 Re8 15. Nc7 Rd8 16. Nd5+ Kf8 17. Kb1 d6 18. Nec3 Bg4 19. Rdf1 Qh5 20. Ne3 Be2 21. Qxe2 Qh3 22. Qg4 1-0